000 00879cam a2200229 i 4500
005 20251218085054.0
008 250721s2001 su gr 000 0 ara d
020 _a9960687589
082 1 4 _a216.917
_bن ح و
100 1 _aالنحوي، عدنان علي رضا
_eمؤلف.
245 1 2 _aالشورى لا الديمقراطية /
_cالدكتور عدنان علي رضا النحوي.
250 _aالطبعه الخامسة.
264 3 1 _aالرياض :
_bدار النحوي للنشر والتوزيع،
_c2001.
300 _a205 صفحة.
490 0 _aالى لقاء المؤمنين و بناء الجيل المؤمن
650 1 7 _aالإسلام.
650 1 7 _aالشورى.
650 1 7 _aالديمقراطية.
830 0 _aالى لقاء المؤمنين و بناء الجيل المؤمن
942 _2ddc
_cBK
999 _c30537
_d30537